Detalles MARC
| 000 -ENCABEZADO |
| Número de control [NR] |
03187nam a22003497a 4500 |
| 005 - FECHA Y HORA DE LA ÚLTIMA TRANSACCIÓN |
| control field |
20160308080923.0 |
| 008 - DE LONGITUD FIJA DE DATOS DE ELEMENTOS - INFORMACIÓN GENERAL |
| Elementos de longitud fija [NR] |
130419k18521853xxu |||fr|||||001|0deng d |
| 040 ## - FUENTE DE CATALOGACION [NR] |
| Quien Cataloga |
Sandra Yazo (modificó) |
| Quien Clasifica |
Sandra Yazo (modificó) |
| Idioma de catalogación [NR] |
spa |
| 041 0# - CODIGO DE IDIOMA [R] |
| Código de idioma para texto/pista de sonido o título separado [R] |
Inglés |
| 082 04 - NUMERO DE CLASIFICACION DECIMAL DEWEY [R] |
| Número de clasificación [R] |
942 |
| Número de la edición [NR] |
20 |
| 092 ## - SIGNATURA TOPOGRAFICA LOCAL |
| Número de clasificación local |
E03N037 |
| 100 1# - ASIENTO PRINCIPAL--NOMBRE PERSONAL [NR] |
| Nombre personal [NR] |
Hume, David |
| Fechas asociadas con el nombre [NR] |
1711-1776 |
| ID Autoridad |
29424 |
| 242 03 - TRADUCCION DEL TITULO POR LA AGENCIA CATALOGADORA [R] |
| Título [NR] |
La historia de Inglaterra |
| Parte restante del título [NR] |
desde la invasión de Julio César hasta la abdicación de Jacobo II, 1688 |
| Mención de responsabilidad, etc. [NR] |
por David Hume. |
| Código de idioma del título traducido [NR] |
spa |
| 245 14 - MENCION DE TITULO [NR] |
| Título [NR] |
The history of England |
| Parte restante del título [NR] |
from the Invasion of Julius Caesar to the Abdication of James the Second, 1688 |
| Mención de responsabilidad, etc. [NR] |
by David Hume |
| 250 ## - MENCION DE EDICION [NR] |
| Mención de edición [NR] |
A new edition [Una nueva edición] |
| Resto de la mención de edición [NR] |
with the author's last corrections and improvements [con las úlltimas correcciones y mejoras del autor] |
| 260 ## - PUBLICACION, DISTRIBUCION, ETC. (PIE DE IMPRENTA) [R] |
| Lugar de publicación, distribución, etc. [R] |
Boston (Estados Unidos) |
| Nombre del editor, distribuidor, etc. [R] |
Phillips Sampson, and Company |
| Fecha de publicación, distribución, etc. [R] |
1852-1853 |
| 300 ## - DESCRIPCION FISICA [R] |
| Extensión [R] |
6 volúmenes (xxxii, 483 ; xii, 526 ; xv, 466 ; xvi, 572 ; xvi, 556 ; xvi, 554 páginas) |
| Dimensiones [R] |
20 x 13 cm. |
| 500 ## - NOTA GENERAL [R] |
| Nota general [NR] |
Detalles físicos: Encuadernación rígida en cartón forrado en tela texturizada. Tapas y lomo con adornos repujados. Lomo con adornos en dorado. Guardas. Hoja de cortesía. Portada impresa en una sola tinta. Texto en una sola columna, con varios tamaños de letra. Notas de pie de página. Notas al final del libro. Lomos con deterioro en la tela, dobleces en esquinas de tapas. Papel manchado. V.1 Incluye un grabado del autor, en hoja de cortesía una anotación manuscrita, páginas 113 -116 deterioro en el borde vertical. V.4 y V.6 con notorias manchas de humedad y de oxidación |
| 505 1# - NOTA DE CONTENIDO CON FORMATO PREESTABLECIDO [R] |
| Nota de contenido con formato preestablecido [NR] |
V.1: Los Británicos, Romanos, Sajones ; La heptarquía ; El Reino de: Kent, Northumberland, East Anglia, Mercia, Essex ; Sussex ; Wessex ; Los Anglosajones ; Guillermo el Conquistador, El Reinado de Guillermo el Rojo, Enrique I, Esteban ; Enrique II ; Ricardo I, Juan -- V.2: Enrique III ; Eduardo I ; Eduardo II ; Eduardo III ; Ricardo II ; Enrique IV ; Enrique V ; Enrique VI ; Eduardo IV ; Eduardo V y Ricardo III -- V.3: Enrique VII, Enrique VIII, Eduardo VI ; María -- V.4: Isabel, Jacobo I ; Apéndice al Reinado de Jacobo -- V.5: Carlos I ; El Estado Libre Asociado -- V.6: Carlos II ; Jacobo II |
| 506 0# - NOTA DE RESTRICCIONES DE ACCESO [R] |
| Condiciones de acceso [NR] |
Consulta en sala |
| 546 ## - NOTA DE IDIOMA [R] |
| Nota de idioma [NR] |
Texto en inglés |
| 651 #4 - ASIENTO SECUNDARIO DE MATERIA - NOMBRE GEOGRAFICO [R] |
| Nombre geográfico [NR] |
Inglaterra |
| Subdivisión general [R] |
Historia |
| 9 (RLIN) |
62871 |
| 651 #4 - ASIENTO SECUNDARIO DE MATERIA - NOMBRE GEOGRAFICO [R] |
| Nombre geográfico [NR] |
Inglaterra |
| Subdivisión general [R] |
Reyes y soberanos |
| Subdivisión cronológica [R] |
1000-1526 |
| 9 (RLIN) |
27013 |
| 690 ## - ASUNTO AGREGADO LOCAL DE ENTRADA - TÉRMINO TEMÁTICO (OCLC, RLIN) |
| Acceso temático local |
Historia de Europa |
| 9 (RLIN) |
26509 |
| 856 4# - LOCALIZACION Y ACCESO ELECTRONICOS [R] |
| Nota dirigida al público [R] |
Disponible en línea V.1 |
| Identificador Uniforme del Recurso (“URI”) [R] |
<a href="http://quod.lib.umich.edu/cgi/t/text/text-idx?c=moa;idno=AAZ9879.0001.001;cc=moa">http://quod.lib.umich.edu/cgi/t/text/text-idx?c=moa;idno=AAZ9879.0001.001;cc=moa</a> |
| 856 4# - LOCALIZACION Y ACCESO ELECTRONICOS [R] |
| Nota dirigida al público [R] |
Disponible en línea V.2 |
| Identificador Uniforme del Recurso (“URI”) [R] |
<a href="http://quod.lib.umich.edu/cgi/t/text/text-idx?c=moa;idno=AAZ9879.0002.001;cc=moa">http://quod.lib.umich.edu/cgi/t/text/text-idx?c=moa;idno=AAZ9879.0002.001;cc=moa</a> |
| 856 4# - LOCALIZACION Y ACCESO ELECTRONICOS [R] |
| Nota dirigida al público [R] |
Disponible en línea V.3 |
| Identificador Uniforme del Recurso (“URI”) [R] |
<a href="http://quod.lib.umich.edu/cgi/t/text/text-idx?c=moa;idno=AAZ9879.0003.001;cc=moa">http://quod.lib.umich.edu/cgi/t/text/text-idx?c=moa;idno=AAZ9879.0003.001;cc=moa</a> |
| 856 4# - LOCALIZACION Y ACCESO ELECTRONICOS [R] |
| Nota dirigida al público [R] |
Disponible en línea V.4 |
| Identificador Uniforme del Recurso (“URI”) [R] |
<a href="http://quod.lib.umich.edu/cgi/t/text/text-idx?c=moa;idno=AAZ9879.0004.001;cc=moa">http://quod.lib.umich.edu/cgi/t/text/text-idx?c=moa;idno=AAZ9879.0004.001;cc=moa</a> |
| 856 4# - LOCALIZACION Y ACCESO ELECTRONICOS [R] |
| Nota dirigida al público [R] |
Disponible en línea V.5 |
| Identificador Uniforme del Recurso (“URI”) [R] |
<a href="http://quod.lib.umich.edu/cgi/t/text/text-idx?c=moa;idno=AAZ9879.0005.001;cc=moa">http://quod.lib.umich.edu/cgi/t/text/text-idx?c=moa;idno=AAZ9879.0005.001;cc=moa</a> |
| 856 4# - LOCALIZACION Y ACCESO ELECTRONICOS [R] |
| Nota dirigida al público [R] |
Disponible en línea V.6 |
| Identificador Uniforme del Recurso (“URI”) [R] |
<a href="http://quod.lib.umich.edu/cgi/t/text/text-idx?c=moa;idno=AAZ9879.0006.001;cc=moa">http://quod.lib.umich.edu/cgi/t/text/text-idx?c=moa;idno=AAZ9879.0006.001;cc=moa</a> |
| 942 ## - ELEMENTOS DE ENTRADA AGREGADOS (KOHA) |
| Tipo de ítem principal el descrito en 300a |
Libro |
| Edición |
1 |
| Tema principal |
21 |
| Sistema de clasificación |
LOCAL |
| Clasificación |
E03N037 |